000 00489nam a22001697a 4500
008 150602b xxu||||| |||| 00| 0 eng d
020 _a9781599048314
041 0 _aeng
080 _a338
245 0 0 _aE-business models, services, and communications /
_cIn Lee [editor].
260 _aHershey, PA :
_bInformation Science Reference,
_cc2008.
300 _a442 f. :
_bme il.;
_c29 cm.
650 0 _aKominikimi në ndërmarrje
650 0 _aE-Business
700 1 _aLee, In,
942 _2udc
_cBK
999 _c962
_d962